Theoretical acoustics (Record no. 77108)

MARC details
000 -LEADER
fixed length control field 00628nam a2200217Ia 4500
008 - FIXED-LENGTH DATA ELEMENTS--GENERAL INFORMATION
fixed length control field 191130s1986##################000#0#eng##
020 ## - INTERNATIONAL STANDARD BOOK NUMBER
ISBN 9780691024011
082 ## - DEWEY DECIMAL CLASSIFICATION NUMBER
Classification number 534 MOR
100 ## - MAIN ENTRY--AUTHOR NAME
Personal name Morse, Philip M
245 ## - TITLE STATEMENT
Title Theoretical acoustics
Statement of responsibility, etc Philip M. Morse, K. Uno Ingard
260 ## - PUBLICATION, DISTRIBUTION, ETC. (IMPRINT)
Place of publication Princeton
Name of publisher Princeton University Press
Year of publication c1986
300 ## - PHYSICAL DESCRIPTION
Number of Pages xix, 927 p. : ill. ; 24 cm
500 ## - GENERAL NOTE
General note Includes bibliographical references and index
650 ## - SUBJECT ADDED ENTRY--TOPICAL TERM
Topical Term Sound
700 ## - ADDED ENTRY--PERSONAL NAME
Personal name Ingard, K. Uno
991 ## -
-- 261472
Holdings
Withdrawn status Lost status Damaged status Not for loan Home library Current library Shelving location Date acquired Full call number Accession Number Price effective from Koha item type
        Anna Centenary Library Anna Centenary Library 5TH FLOOR, A WING 09.10.2020 534 MOR 165194 09.10.2020 English Books

Find us on the map